End of the Word Quiz Stats

 Plays Quiz Updated Jun 3, 2016

Score 0/24 Timer 05:00
1 Play Today
Ends with... Word % Correct
...umnColumn...
91.6%
...rgoCargo...
90.3%
...ayonCrayon...
89.5%
...uldCould...
89.4%
...ounNoun...
89.2%
...btDebt...
86.3%
...tioPatio...
85.8%
...boeOboe
81.7%
...uarJaguar...
76.9%
...jorMajor...
73.5%
...hionCushion...
71.1%
...xionComplexion...
65.9%
Ends with... Word % Correct
...detCadet...
65.2%
...porStupor...
62.8%
...rdeHorde...
62.7%
...mpiTempi...
62.3%
...lnKiln...
60%
...pilPupil...
57.1%
...oiaParanoia...
51.6%
...azTopaz...
49.5%
...igyProdigy...
45.6%
...cionCoercion...
43.1%
...konBeckon...
37.3%
...vitAffidavit...
33.5%

You're not logged in!

Compare scores with friends on all Sporcle quizzes.
OR
Log In

Sporcle TV

Today on Sporcle TV


Watch our educational content, quiz creation guides, and fun videos on Sporcle TV.

Show Comments

Extras

Top Quizzes Today


Score Distribution

Your Account Isn't Verified!

In order to create a playlist on Sporcle, you need to verify the email address you used during registration. Go to your Sporcle Settings to finish the process.

Report this User

Report this user for behavior that violates our Community Guidelines.

Details: